Law & Justice in Ancient India : (Record no. 145105)

MARC details
000 -LEADER
fixed length control field 00565nam a22001817a 4500
010 ## - LCCN (DPL NO)
LC control number ENG-120436
020 ## - INTERNATIONAL STANDARD BOOK NUMBER
Terms of availability 995.00
International Standard Book Number 9789383514175
035 ## - SYSTEM CONTROL NUMBER
System control number EN-103968
037 ## - SOURCE OF ACQUISITION
Source of stock number/acquisition DBAD/PUB
082 ## - DEWEY DECIMAL CLASSIFICATION NUMBER
Classification number 347.54
100 ## - MAIN ENTRY--PERSONAL NAME
Personal name Umesh kumar singh
245 ## - TITLE STATEMENT
Title Law & Justice in Ancient India :
Statement of responsibility, etc by Umesh Kumar Singh
260 ## - PUBLICATION, DISTRIBUTION, ETC. (IMPRINT)
Place of publication, distribution, etc New Delhi
Name of publisher, distributor, etc Lucky International
Date of publication, distribution, etc 2016
270 ## - ADDRESS
Address H-16/1922, Sangam Vihar
City New Delhi
Postal code 110080
300 ## - PHYSICAL DESCRIPTION
Extent 384p.
Dimensions 23cm(Hb)
500 ## - GENERAL NOTE
General note Includes bibliographical references and index
942 ## - ADDED ENTRY ELEMENTS (KOHA)
Source of classification or shelving scheme Dewey Decimal Classification
Item type English Books
Classification part 347.54
Call number suffix UME
Holdings
Withdrawn status Lost status Not for loan Collection code Home library Current library Date acquired Source of acquisition Cost, normal purchase price Full call number Barcode Copy number Cost, replacement price Koha item type
      Non-fiction Kadipur Kadipur 20/09/2017 DBAD/PUB 995.00 347.54 UME EN-103968 1 995.00 English Books

© Delhi Public Library
Hit Counter
free hit counter